| 000 | 02067nam1a2200313 4500 | ||
|---|---|---|---|
| 001 | RU\NLR\BIBL_A\016246984 | ||
| 005 | 20230928141656.0 | ||
| 035 | _a(NLR Aleph) 016246984 | ||
| 090 |
_a12815447 _c12815447 |
||
| 100 | _a20221223g20229999u y0rusy50 ca | ||
| 101 | 0 | _arus | |
| 102 | _aRU | ||
| 105 | _a||||j|||||||| | ||
| 181 | 0 |
_ai3 _baxxe |
|
| 182 | 0 | _an | |
| 200 | 1 |
_aЭконометрика _eучебное пособие для магистрантов ИУЦТ _eдля магистрантов первого курса специальности "Прикладная математика и информатика", изучающих дисциплину "Эконометрика" _fА. П. Иванова, Е. В. Родина, Е. С. Чумерина _gМинистерство транспорта Российской Федерации, Федеральное государственное автономное образовательное учреждение высшего образования "Российский университет транспорта", Институт управления и цифровых технологий, Кафедра "Цифровые технологии управления транспортными процессами" |
|
| 203 |
_aТекст _bвизуальный _cнепосредственный |
||
| 210 |
_aМосква _cРУТ (МИИТ) _d2022 |
||
| 215 | _d21 | ||
| 606 | 1 |
_aЭконометрика _jУчебные издания для высших учебных заведений _2nlr_sh1 _2nlr_sh2 _3RU\NLR\AUTH\66667382 |
|
| 686 | 1 | _aУ.в611я73 | |
| 700 | 1 |
_aИванова _bА. П. _cканд. физ.-мат. наук _gАлександра Петровна _3RU\NLR\AUTH\7727831 |
|
| 701 | 1 |
_aРодина _bЕ. В. _gЕлена Викторовна |
|
| 701 | 1 |
_aЧумерина _bЕ. С. _gЕкатерина Сергеевна |
|
| 852 |
_aNLR _j2022-4/11420 |
||
| 942 | _cBOOK | ||
| 980 | _aNB | ||